002020000a220007300045001000016000002450054000163000033000707730025001031 aLimpic, Ted10aPractical helps : Christian and mission handbooks aNúm 75 (1996), Páginas 70 tWorld Evangelization